000 00622nam a2200241Ia 4500
003 OSt
005 20221007101416.0
006 a|||||r|||| 00| 0
007 ta
008 221006b |||||||| |||| 00| 0 eng d
024 _a6,405
037 _cTextual
040 _aLCO
_cLCO
_beng
041 _2eng
_aeng
082 _aW6,31:3, L3
100 _aSINGH BHAWANI
245 0 _aCouncil of States in india.
260 _aMerrut
_bMeenakashi Prakashan
_c1973
300 _a360
650 _aCOUNCIL OF STATES
_9702953
942 _hW6,31:3, L3
_cTEXL
999 _c1175968
_d1175968